<?xml version="1.0" encoding="UTF-8"?>
<marc:record xmlns:marc="http://www.loc.gov/MARC21/slim">
   <marc:leader>00000nam a2200000 a 4500</marc:leader>
   <marc:datafield ind1="1" ind2=" " tag="100">
      <marc:subfield code="a">Wooding, Chris</marc:subfield>
      <marc:subfield code="4">aut</marc:subfield>
      <marc:subfield code="e">Verfasser/-in</marc:subfield>
   </marc:datafield>
   <marc:datafield ind1=" " ind2=" " tag="653">
      <marc:subfield code="a">Freundschaft</marc:subfield>
   </marc:datafield>
   <marc:datafield ind1=" " ind2=" " tag="653">
      <marc:subfield code="a">Jugend</marc:subfield>
   </marc:datafield>
   <marc:datafield ind1=" " ind2=" " tag="653">
      <marc:subfield code="a">Party</marc:subfield>
   </marc:datafield>
   <marc:datafield ind1="0" ind2="0" tag="245">
      <marc:subfield code="a">Die Party</marc:subfield>
   </marc:datafield>
   <marc:datafield ind1=" " ind2="1" tag="264">
      <marc:subfield code="b">Benzinger-Ed. im Arena-Verl.</marc:subfield>
      <marc:subfield code="c">1999</marc:subfield>
   </marc:datafield>
   <marc:datafield ind1="1" ind2=" " tag="520">
      <marc:subfield code="a">It's Partytime! Jays Eltern sind verreist, die Prüfungen sind vorbei und die Sommerferien stehen vor der Tür. Jay hat noch einmal die gange Clique eingeladen, vor allem seine besten Freunde Danny, Sam und Cappo. Und auch Jo Anderson, seine Traumfrau. Bald ist die Party in vollem Gang. Doch mit einem Mal läuft alles aus dem Ruder: Dannys Freundin Cathy wirft sich Jay in die Arme. Cappo klappt völlig zusammen. Und dann kommt Jo auch noch zusammen mit Sam, dem Schulcasanova, aus Jays Schlafzimmer. Gerade als die jahrelangen Freundschaften endgültig auseinanderzubrechen drohen, nimmt der turbulente Verlauf der Party eine neue, chaotische Wendung.</marc:subfield>
   </marc:datafield>
   <marc:datafield ind1="3" ind2=" " tag="024">
      <marc:subfield code="a">340104916X</marc:subfield>
   </marc:datafield>
</marc:record>
